00296 a2200097 4500001001000000005001700010008004100027245003800068100002200106773007000128ART_5752220260410161610.0260409a 10aEl impuesto diferido y sus mitos.1 aZgaib, Alfredo O.0 tProfesional & Empresariag- Año XXV, Nº 280 (ene. 2023)wREV70